Neuropsicología de la adicción.
Salvato in:
| Autore principale: | |
|---|---|
| Altri autori: | |
| Natura: | Libro |
| Lingua: | inglese |
| Pubblicazione: |
Buenos Aires, Argentina:
Médica Panamericana,
2014.
|
| Soggetti: | |
| Tags: |
Aggiungi Tag
Nessun Tag, puoi essere il primo ad aggiungerne!!
|
MARC
| LEADER | 00000nam a22000007a 4500 | ||
|---|---|---|---|
| 003 | CL-VaPUC | ||
| 005 | 20241022140107.0 | ||
| 008 | 220523b2014 ||||| |||| 00| 0 eng d | ||
| 999 | |c 435696 |d 435694 | ||
| 020 | |a 978-84-9835-774-5 | ||
| 040 | |c Pontificia Universidad Católica de Valparaíso | ||
| 082 | 7 | |a 616.86 RUI 2014 |2 22 | |
| 100 | 1 | |a Ruíz Sánchez de León, José María |e autor |9 869655 | |
| 245 | |a Neuropsicología de la adicción. | ||
| 260 | |a Buenos Aires, Argentina: |b Médica Panamericana, |c 2014. | ||
| 300 | |a 189 páginas. | ||
| 500 | |a c.1 Comodato-SENDA | ||
| 583 | |c 20220524 |k Cristina María Rojas Aguilar | ||
| 650 | |a Adicción |x Trastornos psicopatológicos |9 869703 | ||
| 650 | 0 | |a Neurociencias |9 424346 | |
| 650 | 0 | |a Neuropsicología |9 270837 | |
| 700 | |a Pedrero Pérez, Eduardo José |e autor |9 869704 | ||
| 942 | |2 ddc |c BK | ||
| 952 | |0 0 |1 0 |2 ddc |4 0 |6 616_860000000000000_RUI_2014 |7 0 |8 C_SENDA |9 583237 |a BIBEDU |b BIBEDU |c ES_NOD |d 2022-05-24 |e Comodato-SENDA |i 5651357 |l 2 |o 616.86 RUI 2014 |p 5651357 |r 2024-10-22 |s 2023-09-27 |t 1 |w 2022-05-24 |x 07497005101 |y BK |k BME | ||